[Event "Metz 4th"]
[Site "Metz"]
[Date "2018.07.27"]
[Round "6"]
[White "Mohota, Nisha"]
[Black "Haast, Mark"]
[Result "1/2-1/2"]
[WhiteElo "2265"]
[BlackElo "2356"]
[PlyCount "107"]
[EventDate "2018.07.23"]
[EventType "tourn"]
[EventRounds "9"]
[EventCountry "FRA"]
[EventCategory "4"]
[SourceTitle "CBM 185 Extra"]
[Source "ChessBase"]
[SourceDate "2018.07.29"]
[SourceVersion "1"]
[SourceVersionDate "2018.07.29"]
[SourceQuality "1"]

1. e4 c5 2. Nf3 Nc6 3. Bb5 g6 4. Bxc6 dxc6 5. d3 Bg7 6. h3 Nf6 7. Nc3 Nd7 8. Be3 e5 9. Qd2 h6 10. 0-0 Qe7 11. Nh2 Nf8 12. f4 exf4 13. Bxf4 Ne6 14. Bg3 Nd4 15. e5 Be6 16. Ne4 0-0-0 17. Nd6+ Rxd6 18. exd6 Qd7 19. Rae1 b6 20. Ng4 Bxg4 21. hxg4 Ne6 22. c3 h5 23. gxh5 Rxh5 24. Qe2 Rg5 25. Bh2 Rd5 26. Rxf7 Qxf7 27. Qxe6+ Qxe6 28. Rxe6 Bh6 29. Rxg6 Bc1 30. Rg8+ Kd7 31. Rg7+ Kd8 32. c4 Rxd3 33. Be5 Be3+ 34. Kf1 Bd4 35. Bxd4 Rxd4 36. b3 b5 37. cxb5 cxb5 38. Rxa7 Rxd6 39. Rb7 b4 40. Ra7 Rd2 41. g4 Rd4 42. g5 Rf4+ 43. Ke2 Rg4 44. Rg7 Rg2+ 45. Kf3 Rxa2 46. g6 Ke8 47. Rc7 Kf8 48. Ke4 Rb2 49. Rxc5 Rxb3 50. Rb5 Kg7 51. Kd4 Kxg6 52. Kc4 Rb1 53. Rxb4 Rxb4+ 54. Kxb4 1/2-1/2

[Event "Metz 4th"]
[Site "Metz"]
[Date "2018.07.26"]
[Round "5"]
[White "Haast, Mark"]
[Black "Mohammad, Fahim"]
[Result "1-0"]
[WhiteElo "2356"]
[BlackElo "2383"]
[PlyCount "81"]
[EventDate "2018.07.23"]
[EventType "tourn"]
[EventRounds "9"]
[EventCountry "FRA"]
[EventCategory "4"]
[SourceTitle "CBM 185 Extra"]
[Source "ChessBase"]
[SourceDate "2018.07.29"]
[SourceVersion "1"]
[SourceVersionDate "2018.07.29"]
[SourceQuality "1"]

1. c4 c5 2. g3 g6 3. Bg2 Bg7 4. Nc3 Nc6 5. a3 e6 6. d3 Nge7 7. Bg5 h6 8. Bd2 d5 9. Rb1 0-0 10. Qc1 dxc4 11. dxc4 Kh7 12. Nf3 e5 13. b4 cxb4 14. axb4 f5 15. 0-0 e4 16. Ne1 Be6 17. c5 Nd5 18. Nxd5 Qxd5 19. Nc2 Rad8 20. Rd1 Qa2 21. b5 Nd4 22. Nxd4 Rxd4 23. Be3 Rxd1+ 24. Qxd1 Rd8 25. Qc1 Bb3 26. c6 Bc2 27. cxb7 Rb8 28. Rb4 Bc3 29. b6 Bxb4 30. bxa7 Rxb7 31. Qxc2 Qxc2 32. a8Q Qc6 33. Bd4 g5 34. h3 Bc5 35. Qh8+ Kg6 36. Qg8+ Kh5 37. Bxc5 g4 38. hxg4+ fxg4 39. Be3 Re7 40. f3 exf3 41. exf3 1-0

[Event "Metz 4th"]
[Site "Metz"]
[Date "2018.07.23"]
[Round "1"]
[White "Haast, Mark"]
[Black "Murdzia, Piotr"]
[Result "0-1"]
[WhiteElo "2356"]
[BlackElo "2410"]
[PlyCount "64"]
[EventDate "2018.07.23"]
[EventType "tourn"]
[EventRounds "9"]
[EventCountry "FRA"]
[EventCategory "4"]
[SourceTitle "CBM 185 Extra"]
[Source "ChessBase"]
[SourceDate "2018.07.29"]
[SourceVersion "1"]
[SourceVersionDate "2018.07.29"]
[SourceQuality "1"]

1. e4 c5 2. c3 d5 3. exd5 Qxd5 4. d4 Nf6 5. Nf3 Bf5 6. Be3 Nc6 7. Be2 cxd4 8. cxd4 Bxb1 9. Rxb1 e6 10. a3 Be7 11. 0-0 0-0 12. b4 a6 13. Qe1 Rfd8 14. h3 h6 15. Rd1 Rac8 16. Bd3 Qb3 17. Bc1 Kf8 18. Qe3 Nd5 19. Qe4 Nc3 20. Qh7 Bf6 21. Bc2 Qc4 22. Nd2 Qxd4 23. Rde1 Ke7 24. Nf3 Qc4 25. Nd2 Qb5 26. a4 Nxa4 27. Bb3 Nd4 28. Bd1 Rxc1 29. Bxa4 Qxa4 30. Rxc1 Ne2+ 31. Kh1 Nxc1 32. Rxc1 Rxd2 0-1

[Event "Eindhoven WLC op 9th"]
[Site "Eindhoven"]
[Date "2018.05.27"]
[Round "6"]
[White "Haast, Mark"]
[Black "Becx, Cesar"]
[Result "1-0"]
[WhiteElo "2352"]
[BlackElo "2102"]
[PlyCount "97"]
[EventDate "2018.05.25"]
[EventType "swiss"]
[EventRounds "6"]
[EventCountry "NED"]
[SourceTitle "CBM 184 Extra"]
[Source "ChessBase"]
[SourceDate "2018.06.28"]
[SourceVersion "1"]
[SourceVersionDate "2018.06.28"]
[SourceQuality "1"]

1. g3 f5 2. Bg2 Nf6 3. c4 d6 4. Nc3 g6 5. d3 c6 6. e4 Bg7 7. Nge2 0-0 8. 0-0 Na6 9. h3 Kh8 10. Be3 Nc7 11. Qd2 e5 12. exf5 Bxf5 13. d4 Be6 14. b3 exd4 15. Nxd4 Qd7 16. Nxe6 Nxe6 17. Rad1 Rfd8 18. Rfe1 Qf7 19. Bh6 Rd7 20. Bxg7+ Nxg7 21. Qb2 Kg8 22. Re2 Nf5 23. h4 Qg7 24. Qd2 Rf8 25. Qe1 Rdf7 26. Bh3 Nh5 27. Rd3 Kh8 28. Re8 Nd4 29. Rxf8+ Rxf8 30. Bg2 c5 31. Nb5 Nc2 32. Qc3 Nb4 33. Qxg7+ Nxg7 34. Rxd6 Nf5 35. Rd2 a6 36. Nd6 Nd4 37. Nxb7 Rf5 38. Nxc5 Rxc5 39. Rxd4 Nxa2 40. Rd8+ Kg7 41. Rd7+ Kg8 42. Bd5+ Kh8 43. g4 h5 44. g5 Nb4 45. Be4 Ra5 46. Rb7 Ra1+ 47. Kg2 a5 48. c5 Rc1 49. c6 1-0

[Event "NED-ch internet"]
[Site "Playchess.com INT"]
[Date "2016.06.25"]
[Round "1.1"]
[White "L'Ami, Erwin"]
[Black "Haast, Mark"]
[Result "1-0"]
[WhiteElo "2606"]
[BlackElo "2346"]
[PlyCount "93"]
[EventDate "2016.06.25"]
[EventType "k.o. (blitz)"]
[EventRounds "4"]
[EventCountry "NED"]
[SourceTitle "CBM 173 Extra"]
[Source "ChessBase"]
[SourceDate "2016.08.29"]
[SourceVersion "1"]
[SourceVersionDate "2016.08.29"]
[SourceQuality "1"]

1. d4 Nf6 2. c4 e6 3. Nf3 b6 4. g3 Ba6 5. Nbd2 d5 6. Bg2 Be7 7. 0-0 0-0 8. b3 c5 9. Bb2 Nc6 10. Rc1 Rc8 11. dxc5 bxc5 12. e3 Qb6 13. Qc2 Rfd8 14. Rfd1 h6 15. cxd5 exd5 16. Bxf6 Bxf6 17. Qxc5 Qxc5 18. Rxc5 Nb4 19. Ra5 Rc6 20. Bf1 Bxf1 21. Kxf1 a6 22. Ke2 Nc2 23. Ra4 g5 24. g4 Re8 25. Kf1 Kh7 26. h3 Kg6 27. Nb1 Rd8 28. Na3 Nxa3 29. Rxa3 Bc3 30. Ra4 Bf6 31. Ke2 Rd7 32. Rd2 h5 33. Nh2 h4 34. Nf3 Bg7 35. Nd4 Bxd4 36. Raxd4 Rc5 37. e4 Re7 38. Rxd5 Rxe4+ 39. Kf3 Rf4+ 40. Kg2 Rxd5 41. Rxd5 Rf6 42. b4 Rb6 43. a3 f6 44. Rc5 Kf7 45. f4 gxf4 46. Kf3 Rc6 47. Rxc6 1-0

[Event "EU-Cup 28th"]
[Site "Eilat"]
[Date "2012.10.15"]
[Round "5.2"]
[White "Haast, Mark"]
[Black "Van Hoolandt, Patrick"]
[Result "1-0"]
[WhiteElo "2287"]
[BlackElo "2191"]
[PlyCount "63"]
[EventDate "2012.10.11"]
[EventType "team-swiss"]
[EventRounds "7"]
[EventCountry "ISR"]
[SourceTitle "CBM 151"]
[Source "ChessBase"]
[SourceDate "2012.11.13"]
[SourceVersion "1"]
[SourceVersionDate "2012.11.13"]
[SourceQuality "1"]
[WhiteTeam "De Stukkenjagers"]
[BlackTeam "Monte Carlo"]
[WhiteTeamCountry "NED"]
[BlackTeamCountry "MNC"]

1. d4 d5 2. c4 e6 3. Nc3 Bb4 4. a3 Bxc3+ 5. bxc3 c5 6. e3 Nf6 7. cxd5 exd5 8. Bd3 0-0 9. Ne2 Re8 10. 0-0 Bd7 11. f3 Bc6 12. g4 Nbd7 13. Ng3 Nf8 14. g5 N6d7 15. f4 Nb6 16. Ra2 Nc4 17. Re2 Nd6 18. Rg2 Bb5 19. f5 Bxd3 20. Qxd3 c4 21. Qe2 Ne4 22. Nh5 Nxc3 23. Qf3 Nd7 24. Qh3 Ne4 25. f6 g6 26. Ng7 Kh8 27. Rg4 Ndxf6 28. gxf6 Nxf6 29. Nxe8 Nxg4 30. Rxf7 h5 31. Rf8+ Kh7 32. Qf3 1-0

[Event "EU-Cup 28th"]
[Site "Eilat"]
[Date "2012.10.13"]
[Round "3.2"]
[White "Bauer, Christian"]
[Black "Haast, Mark"]
[Result "1-0"]
[WhiteElo "2664"]
[BlackElo "2287"]
[PlyCount "105"]
[EventDate "2012.10.11"]
[EventType "team-swiss"]
[EventRounds "7"]
[EventCountry "ISR"]
[SourceTitle "CBM 151"]
[Source "ChessBase"]
[SourceDate "2012.11.13"]
[SourceVersion "1"]
[SourceVersionDate "2012.11.13"]
[SourceQuality "1"]
[WhiteTeam "Taldea Gros Xake"]
[BlackTeam "De Stukkenjagers"]
[WhiteTeamCountry "ESP"]
[BlackTeamCountry "NED"]

1. e4 c5 2. Nf3 Nc6 3. Bb5 g6 4. Bxc6 dxc6 5. d3 Bg7 6. h3 Nf6 7. Nc3 Nd7 8. Be3 e5 9. a3 Qe7 10. 0-0 Nf8 11. b4 Ne6 12. bxc5 Nxc5 13. Qb1 Ne6 14. Qb4 Nd4 15. Bxd4 exd4 16. Ne2 b6 17. Qc4 c5 18. Nf4 0-0 19. Rfe1 Rd8 20. a4 Bh6 21. Nd5 Qd6 22. a5 Rb8 23. axb6 axb6 24. Reb1 Be6 25. Ra6 Bxd5 26. Qxd5 Qxd5 27. exd5 Rxd5 28. Raxb6 Rbd8 29. Rb8 Bf4 30. R8b7 Rc8 31. g3 Bh6 32. Re1 Bf8 33. Nd2 Rdd8 34. Reb1 Re8 35. Ne4 Kg7 36. Rd7 Re7 37. Rbb7 Rxd7 38. Rxd7 h6 39. g4 Ra8 40. Rc7 Ra1+ 41. Kg2 Ra5 42. h4 Rb5 43. Kf3 Kg8 44. h5 gxh5 45. Nf6+ Kg7 46. Nxh5+ Kg8 47. Nf6+ Kg7 48. Ne4 Ra5 49. Rc8 Be7 50. Ng3 Bg5 51. Nf5+ Kg6 52. Rc6+ Kh7 53. Ke4 1-0